000 00560nam a2200217Ia 4500
005 20250923144851.0
008 008 250917s9999 xx 000 0 eng d
037 _aTextual
040 _aDSWL
_beng
_cDSWL
041 _aeng
_2eng
084 _qDSWL
100 _aDendrickson, G.
_9829234
245 4 _aThe truth about dartmoor
_cby G. Dendrickson
260 _aLondon
_bVictor Gallancz Ltd.
_c1954
300 _a240p.
365 _aINR
_b10
700 _a F. Thomas
_9829235
925 _g10
942 _cTEXL
999 _c1444359
_d1444359